00657cam a2200205u 450000100060000000300080000600500170001400800390003103500190007004000330008904100080012208200220013010000500015224500580020226000380026030000250029860000390032365000490036265000400041118736BD-RjUL20211209000328.0140222s1954 enk 000 0 eng a(BD-RjUL)18794 aDLCcCarPdDLCdBD-RjULbeng aeng a822.309bPRI 19541 aPrince, F. T.q(Frank Templeton),d1912-2003.14aThe Italian element in Milton's verse /cF. T. Prince aOxford :bClarendon Press,c1954. axv, 183 p. ;c19 cm.10aMilton, John,d1608-1674xSources. 0aComparative literaturexItalian and English. 0aEnglish poetryxItalian influences.